000 01108nam a2200193 a 4500
008 150429s2013 ||||||||||||||||| || u
020 _a9781446208502
050 _aHF 5415.32 Fit
100 _aFitchett, James
245 1 0 _aConsumer research methods
_cJames Fitchett and Andrea Davies
260 _aLos Angels
_bSAGE Publications
_c2013
300 _a4 Vols.
350 _a699.77
650 _aCONSUMERS--RESEARCH--METHODOLOGY
995 _aMAIN LIBRARY OPEN ACCESS
_e745201
_FCBU-MAIN LIBRARY (Kitwe)
_I699.77
_jHF 5415.32 Fit
_M2
_UAVAILABLE
_WMay 5, 2015
_y745201
_ZMain Library Open Access Collection
995 _aANNEX COLLECTION (Main Library)
_e745203
_FCBU-MAIN LIBRARY (Kitwe)
_I699.77
_jHF 5415.32 Fit
_M4
_UAVAILABLE
_WMay 5, 2015
_y745203
_ZAnnex Low-Usage Collection
995 _aMAIN LIBRARY OPEN ACCESS
_e745202
_FCBU-MAIN LIBRARY (Kitwe)
_I699.77
_jHF 5415.32 Fit
_M3
_UAVAILABLE
_WMay 5, 2015
_y745202
_ZMain Library Open Access Collection
995 _aANNEX COLLECTION (Main Library)
_e745200
_FCBU-MAIN LIBRARY (Kitwe)
_I699.77
_jHF 5415.32 Fit
_M1
_UAVAILABLE
_WMay 5, 2015
_y745200
_ZAnnex Low-Usage Collection
999 _c79810
_d79810